000 00554nam a22001817a 4500
003 0
005 20241011094246.0
008 241011b xxu||||| |||| 00| 0 eng d
020 _a9781782218616
050 _aZ 250
_b.B35 2020
100 _aBaldo, Cindy Guentert-,
_eauthor.
245 _aCute hand lettering :
_bfor journals, planners and more /
_cCindy Guentert-Baldo.
260 _aKent, TN :
_bSearch Press Ltd.,
_c2020.
300 _a240 p. :
_bcol. ill. ;
_c17 cm.
504 _aIncludes index.
650 _aLettering technique.
942 _2lcc
_cBK
999 _c366504
_d366504